2012 Indiana Pacers Roster - Statistics

General Stats
  • This quiz has been taken 540 times
  • The average score is 6 of 15
Answer Stats
Answer % Correct
Paul George
96%
Roy Hibbert
84%
George Hill
76%
Danny Granger
70%
David West
66%
Lance Stephenson
58%
Darren Collison
34%
Tyler Hansbrough
34%
Dahntay Jones
19%
Jeff Foster
16%
Leandro Barbosa
13%
Lou Amundson
13%
A.J. Price
8%
Jeff Pendergraph
8%
Kyrylo Fesenko
6%
No matching quizzes found
Score Distribution
Percent of People with Each Score
Percentile by Number Answered
Your Score History
You have not taken this quiz